| 000 | 00834cab a2200217 4500 | ||
|---|---|---|---|
| 001 | WB2807-61 | ||
| 008 | 090401t1991 xxu||||| |||| 00| 0 eng d | ||
| 035 | _a(Sirsi) u33502 | ||
| 041 | _aeng | ||
| 245 | _aServitude | ||
| 260 | _c1991 | ||
| 350 | _a0 | ||
| 490 |
_aEstates Gazette Case Summaries _v1991 EGCS 9(2) (8 February 1992) |
||
| 520 | _a"Fearnan Partnership and others v Grindlay" HL 30 January 1992 is concerned with grazing rights and whether a servitude right of grazing exists. HL upheld the Court of Sessions (Second Division) decision that the grazing clause did not express a servitude right of grazing. Appeal dismissed. | ||
| 650 | _aGRAZING RIGHTS | ||
| 650 | _aPRO INDIVISO PROPRIETOR | ||
| 650 | _aSERVITURE RIGHT OF GRAZING | ||
| 690 | _aRURAL PRACTICE-CASE LAW | ||
| 942 | _n0 | ||
| 948 | _c04/03/1997 | ||
| 999 |
_c22378 _d22378 |
||